| Registos Bibliográficos associados ao registo de autoridade |
|
Etiqueta de registo: 00254nkm 2200109 450 001 2288321 003 http://id.bnportugal.gov.pt/bib/catbnp/2288321 100 ## $a20260619d1989 am y0pory01030103ba 101 0# $apor 102 ## $aPT 200 1# $a4º Encontro de Grupos Corais, 13-14 mai 89$bVisual gráfico]$fCâmara Municipal de Sintra$g[il.] José Salomão 89 210 #9 $aSintra$cCâmara Municipal de Sintra,$d1989 215 ## $a1 cartaz$ccolor.$d58,8x41 cm 317 ## $aColeção Madeira Luís 675 ## $a78(084.5)$vBN$zpor$3293091 675 ## $a061.3(469.411)"1989"(084.5)$vBN$zpor$3392596 675 ## $a784(469.411)"1989"(084.5)$vBN$zpor$32001078 675 ## $a766(=1:469)"198"(084.5)$vBN$zpor$31302430 702 #1 $aSalomão,$bJosé,$fca. 1950-$4440$31648643 710 12 $aEncontro de Grupos Corais,$d4,$eSintra,$f1989$32001079 712 01 $aSintra.$bCâmara Municipal$4557$317583 801 #0 $aPT$bBN$gRPC 966 ## $lBN$mICONOG$sCT. 25894 A.$x3 971 ## $ctoliveira$d20260619
|
|
|